000 00302nam a22001337a 4500
003 SGT
082 _a617, P07N
100 _aNGUYEN, TOM C.
245 _aPRACTICAL GUIDE TO THE CARE OF THE SURGERY PATIENT
260 _aINDIA
_bELSEVIER
_c2007
300 _a284
650 _aSURGERY
942 _2ddc
_cBK
999 _c8409
_d8409